|
|
|
|
| LEADER |
00000cas a22000004a 4500 |
| 001 |
vtls009306043 |
| 003 |
SK-MaSNL |
| 005 |
20260228162326.0 |
| 008 |
080623c20082009xo mr p 0 b0slo |
| 035 |
|
|
|a (SVKBBclas03)vtls000290725
|
| 040 |
|
|
|a SNK
|b slo
|c SNK
|d SVKBB
|d SVKPO
|e AACR2
|
| 041 |
0 |
|
|a slo
|
| 044 |
|
|
|a xo
|c SK
|
| 072 |
|
7 |
|a 663
|x Priemysel nápojov. Kvasný priemysel. Priemysel pochutín
|2 konspekt
|
| 080 |
|
|
|a 663.2
|2 2011
|
| 080 |
|
|
|a 642
|2 2011
|
| 080 |
|
|
|a 050
|2 2011
|
| 080 |
|
|
|a 663.25
|2 2011
|
| 245 |
0 |
0 |
|a Vínoviny
|b časopis pre milovníkov kvalitných vín, somelierov a gurmánov
|
| 260 |
|
|
|a Košice
|b Blue Media Slovakia
|c 2008-2009
|
| 300 |
|
|
|a 2 zv.
|c 30 cm
|
| 310 |
|
|
|a 1x mesačne
|
| 362 |
0 |
|
|a Č. apríl, (2008)-č. nov./dec., (2009)
|
| 500 |
|
|
|a Registračné č.: 3871/2007
|
| 500 |
|
|
|a Šéfredaktor: Vladimír Špinner
|
| 650 |
0 |
7 |
|a víno
|2 SNKPH
|9 1658
|
| 650 |
0 |
7 |
|a výroba vína
|2 SNKPH
|9 79016
|
| 650 |
0 |
7 |
|a somelierstvo
|2 SNKPH
|9 270797
|
| 655 |
|
7 |
|a špecializované časopisy
|2 SNKPH
|9 70509
|
| 700 |
1 |
|
|a Špinner, Vladimír
|4 pbd
|9 266022
|
| 852 |
|
|
|a Štátna vedecká knižnica v Banskej Bystrici
|
| 910 |
|
|
|a snk
|
| 910 |
|
|
|a svkbb
|
| 910 |
|
|
|a svkpo
|
| 999 |
|
|
|c 7571
|d 9501
|
| 952 |
|
|
|0 0
|1 0
|4 0
|7 0
|8 0
|a SNK
|b SNK
|d 2019-05-03
|i snk2019/12483
|l 0
|o snkČSB 7083/2008
|p 17A1344369
|r 2026-02-21 22:06:42
|t č. apríl-december
|w 2026-02-21
|y PREZ
|
| 952 |
|
|
|0 0
|1 0
|4 0
|7 0
|8 0
|a SNK
|b SNK
|d 2019-05-03
|i snk2019/12485
|l 0
|o snkČSB 7083/2009
|p 17A1344370
|r 2026-02-21 22:06:42
|t č. február-december, neúplné
|w 2026-02-21
|y PREZ
|z Chýba č. júl-december
|
| 952 |
|
|
|0 0
|1 0
|4 0
|7 0
|8 0
|a SNK
|b SNK
|d 2019-05-03
|i snk2019/12487
|l 0
|o snkČSB 7083/2008 D1
|p 17A1344371
|r 2026-02-21 22:06:42
|t č. apríl-december
|w 2026-02-21
|y PREZ
|
| 952 |
|
|
|0 0
|1 0
|4 0
|7 0
|8 0
|a SNK
|b SNK
|d 2019-05-03
|i snk2019/12488
|l 0
|o snkČSB 7083/2009 D1
|p 17A1344372
|r 2026-02-21 22:06:42
|t č. február-december, neúplné
|w 2026-02-21
|y PREZ
|z Chýba č. júl-december
|